MARC details
| 000 -LEADER |
| fixed length control field |
03857nam a22006735i 4500 |
| 005 - DATE AND TIME OF LATEST TRANSACTION |
| control field |
20230718140303.0 |
| 006 - FIXED-LENGTH DATA ELEMENTS--ADDITIONAL MATERIAL CHARACTERISTICS |
| fixed length control field |
m|||||o||d|||||||| |
| 007 - PHYSICAL DESCRIPTION FIXED FIELD--GENERAL INFORMATION |
| fixed length control field |
cr || |||||||| |
| 008 - FIXED-LENGTH DATA ELEMENTS--GENERAL INFORMATION |
| fixed length control field |
220629t20192019gw fo d z ger d |
| 020 ## - INTERNATIONAL STANDARD BOOK NUMBER |
| International Standard Book Number |
9783839445983 |
| 040 ## - CATALOGING SOURCE |
| Original cataloging agency |
DE-B1597 |
| Language of cataloging |
eng |
| Transcribing agency |
DE-B1597 |
| Description conventions |
rda |
| 041 0# - LANGUAGE CODE |
| Language code of text/sound track or separate title |
ger |
| 082 04 - DEWEY DECIMAL CLASSIFICATION NUMBER |
| Field link and sequence number |
3u |
| Classification number |
306 |
| Assigning agency |
DE-101 |
| Edition number |
23/ger |
| 100 1# - MAIN ENTRY--PERSONAL NAME |
| Personal name |
Maase, Kaspar, |
| Relator term |
author. |
| Relator code |
aut |
| -- |
http://id.loc.gov/vocabulary/relators/aut |
| 245 10 - TITLE STATEMENT |
| Title |
Populärkulturforschung : |
| Remainder of title |
Eine EinfĂĽhrung / |
| Statement of responsibility, etc. |
Kaspar Maase. |
| 264 #1 - PRODUCTION, PUBLICATION, DISTRIBUTION, MANUFACTURE, AND COPYRIGHT NOTICE |
| Place of production, publication, distribution, manufacture |
Bielefeld : |
| Name of producer, publisher, distributor, manufacturer |
transcript Verlag, |
| Date of production, publication, distribution, manufacture, or copyright notice |
[2019] |
| 264 #4 - PRODUCTION, PUBLICATION, DISTRIBUTION, MANUFACTURE, AND COPYRIGHT NOTICE |
| Date of production, publication, distribution, manufacture, or copyright notice |
©2019 |
| 300 ## - PHYSICAL DESCRIPTION |
| Extent |
1 online resource (290 p.) |
| 336 ## - CONTENT TYPE |
| Content type term |
text |
| Content type code |
txt |
| Source |
rdacontent |
| 337 ## - MEDIA TYPE |
| Media type term |
computer |
| Media type code |
c |
| Source |
rdamedia |
| 338 ## - CARRIER TYPE |
| Carrier type term |
online resource |
| Carrier type code |
cr |
| Source |
rdacarrier |
| 347 ## - DIGITAL FILE CHARACTERISTICS |
| File type |
text file |
| Encoding format |
PDF |
| Source |
rda |
| 490 0# - SERIES STATEMENT |
| Series statement |
Edition Kulturwissenschaft ; |
| Volume/sequential designation |
190 |
| 505 00 - FORMATTED CONTENTS NOTE |
| Title |
Frontmatter -- |
| -- |
Inhalt -- |
| -- |
1. Zu diesem Band -- |
| -- |
2. Populärkultur und Populäres - Kategorien und Konzepte -- |
| -- |
3. NĂĽtzliche Theorien und Perspektiven -- |
| -- |
4. Populäre Künste -- |
| -- |
5. Ästhetische Praktiken in Populärkultur und Alltag -- |
| -- |
6. Wie politisch ist Populärkultur, und auf welche Weise ist sie politisch? -- |
| -- |
7. Ausblicke: Westliche Populärkultur im globalen Kontext -- |
| -- |
Dank -- |
| -- |
Zitierte Literatur -- |
| -- |
Register |
| 506 0# - RESTRICTIONS ON ACCESS NOTE |
| Standardized terminology for access restriction |
unrestricted online access |
| Source of term |
star |
| 520 ## - SUMMARY, ETC. |
| Summary, etc. |
Populäre Unterhaltung und Vergnügung gelten als wesentlich ästhetische Phänomene. Doch gibt es eine spezifische »Ästhetik des Populären«? Und inwiefern können Massenkünste die Ausbildung von Weltsichten und Identitätsorientierungen auf problematische Weise beeinflussen?Kaspar Maase nimmt den »Mainstream« der Massenkünste und dessen alltägliche Nutzungspraktiken in den Fokus. In seiner Studie entwickelt er ein Verständnis von Populärkultur als Netz praktischer Interaktionen zwischen Menschen, Texten, Dingen, Kontexten und Situationen und bietet damit grundlegende Orientierungen für empirische Forschung in einer Vielzahl von Disziplinen. |
| 520 ## - SUMMARY, ETC. |
| Summary, etc. |
What is Popular Culture Research? The volume provides an introductory overview of research into popular culture and develops its own program, which focuses on the aesthetic and political functions of mass arts in everyday life. |
| 536 ## - FUNDING INFORMATION NOTE |
| Text of note |
funded by Universität Zürich |
| 538 ## - SYSTEM DETAILS NOTE |
| System details note |
Mode of access: Internet via World Wide Web. |
| 540 ## - TERMS GOVERNING USE AND REPRODUCTION NOTE |
| Terms governing use and reproduction |
This eBook is made available Open Access under a CC BY-NC-ND 4.0 license: |
| Uniform Resource Identifier |
<a href="https://creativecommons.org/licenses/by-nc-nd/4.0 ">https://creativecommons.org/licenses/by-nc-nd/4.0 </a> |
| -- |
<a href="https://www.degruyter.com/dg/page/open-access-policy">https://www.degruyter.com/dg/page/open-access-policy</a> |
| 546 ## - LANGUAGE NOTE |
| Language note |
In German. |
| 588 0# - SOURCE OF DESCRIPTION NOTE |
| Source of description note |
Description based on online resource; title from PDF title page (publisher's Web site, viewed 29. Jun 2022) |
| 650 #0 - SUBJECT ADDED ENTRY--TOPICAL TERM |
| Topical term or geographic name entry element |
Social sciences (General). |
| 650 #4 - SUBJECT ADDED ENTRY--TOPICAL TERM |
| Topical term or geographic name entry element |
Cultural Studies. |
| 650 #4 - SUBJECT ADDED ENTRY--TOPICAL TERM |
| Topical term or geographic name entry element |
Kultur. |
| 650 #4 - SUBJECT ADDED ENTRY--TOPICAL TERM |
| Topical term or geographic name entry element |
Kulturtheorie. |
| 650 #4 - SUBJECT ADDED ENTRY--TOPICAL TERM |
| Topical term or geographic name entry element |
Kulturwissenschaft. |
| 650 #4 - SUBJECT ADDED ENTRY--TOPICAL TERM |
| Topical term or geographic name entry element |
Kunstwissenschaft. |
| 650 #4 - SUBJECT ADDED ENTRY--TOPICAL TERM |
| Topical term or geographic name entry element |
MassenkĂĽnste. |
| 650 #4 - SUBJECT ADDED ENTRY--TOPICAL TERM |
| Topical term or geographic name entry element |
Popkultur. |
| 650 #4 - SUBJECT ADDED ENTRY--TOPICAL TERM |
| Topical term or geographic name entry element |
Populärkulturforschung. |
| 650 #4 - SUBJECT ADDED ENTRY--TOPICAL TERM |
| Topical term or geographic name entry element |
Ästhetik. |
| 650 #4 - SUBJECT ADDED ENTRY--TOPICAL TERM |
| Topical term or geographic name entry element |
Ästhetisches Erleben. |
| 650 #7 - SUBJECT ADDED ENTRY--TOPICAL TERM |
| Topical term or geographic name entry element |
SOCIAL SCIENCE / Popular Culture. |
| Source of heading or term |
bisacsh |
| 653 ## - INDEX TERM--UNCONTROLLED |
| Uncontrolled term |
Aesthetic Experience. |
| 653 ## - INDEX TERM--UNCONTROLLED |
| Uncontrolled term |
Aesthetics. |
| 653 ## - INDEX TERM--UNCONTROLLED |
| Uncontrolled term |
Cultural Studies. |
| 653 ## - INDEX TERM--UNCONTROLLED |
| Uncontrolled term |
Cultural Theory. |
| 653 ## - INDEX TERM--UNCONTROLLED |
| Uncontrolled term |
Culture. |
| 653 ## - INDEX TERM--UNCONTROLLED |
| Uncontrolled term |
Fine Arts. |
| 653 ## - INDEX TERM--UNCONTROLLED |
| Uncontrolled term |
Mass Art. |
| 653 ## - INDEX TERM--UNCONTROLLED |
| Uncontrolled term |
Popular Culrure Research. |
| 710 2# - ADDED ENTRY--CORPORATE NAME |
| Corporate name or jurisdiction name as entry element |
Universität Zürich |
| Relator term |
funder. |
| Relator code |
fnd |
| -- |
http://id.loc.gov/vocabulary/relators/fnd |
| 776 0# - ADDITIONAL PHYSICAL FORM ENTRY |
| Qualifying information |
print |
| International Standard Book Number |
9783837645989 |
| 856 40 - ELECTRONIC LOCATION AND ACCESS |
| Uniform Resource Identifier |
<a href="https://doi.org/10.1515/9783839445983?locatt=mode:legacy">https://doi.org/10.1515/9783839445983?locatt=mode:legacy</a> |
| Public note |
Open Access |
| -- |
0 |
| 856 40 - ELECTRONIC LOCATION AND ACCESS |
| Uniform Resource Identifier |
<a href="https://www.degruyter.com/isbn/9783839445983">https://www.degruyter.com/isbn/9783839445983</a> |
| Public note |
Open Access |
| -- |
0 |
| 856 42 - ELECTRONIC LOCATION AND ACCESS |
| Materials specified |
Cover |
| Uniform Resource Identifier |
<a href="https://www.degruyter.com/document/cover/isbn/9783839445983/original">https://www.degruyter.com/document/cover/isbn/9783839445983/original</a> |
| 942 ## - ADDED ENTRY ELEMENTS (KOHA) |
| Koha item type |
E-Book |